[Event "Kemerovo-ch"]
[Site "Kemerovo"]
[Date "2014.04.16"]
[Round "5"]
[White "Zakharov, Sergei D"]
[Black "Starkov, S."]
[Result "1/2-1/2"]
[WhiteElo "2221"]
[BlackElo "2207"]
[PlyCount "68"]
[EventDate "2014.04.02"]
[EventType "swiss"]
[EventRounds "9"]
[EventCountry "RUS"]
[SourceTitle "CBM 160 Extra"]
[Source "ChessBase"]
[SourceDate "2014.07.01"]
[SourceVersion "1"]
[SourceVersionDate "2014.07.01"]
[SourceQuality "1"]

1. d4 d5 2. c4 Nc6 3. Nf3 Bg4 4. e3 e5 5. dxe5 d4 6. Be2 Bb4+ 7. Kf1 d3 8. Qxd3 Qxd3 9. Bxd3 0-0-0 10. Be2 Bxf3 11. gxf3 Nxe5 12. a3 Be7 13. Nc3 Nf6 14. Kg2 h5 15. b4 Rh6 16. Rf1 Nd3 17. Rd1 Rg6+ 18. Kf1 Nxc1 19. Raxc1 a5 20. Rxd8+ Kxd8 21. Rd1+ Kc8 22. c5 c6 23. Na4 axb4 24. axb4 Nd5 25. Rb1 h4 26. e4 Nf4 27. Nb6+ Kd8 28. Ra1 Bf6 29. Ra8+ Ke7 30. Bc4 Bd4 31. Rc8 Rg2 32. Rc7+ Ke8 33. Rc8+ Ke7 34. Rc7+ Ke8 1/2-1/2

[Event "Kemerovo Region-ch"]
[Site "Kemerovo"]
[Date "2013.10.21"]
[Round "6"]
[White "Gontcharov, Vladislav"]
[Black "Starkov, S."]
[Result "1/2-1/2"]
[WhiteElo "2421"]
[BlackElo "2185"]
[PlyCount "133"]
[EventDate "2013.10.18"]
[EventType "swiss"]
[EventRounds "9"]
[EventCountry "RUS"]
[SourceTitle "EXT 2014"]
[Source "ChessBase"]
[SourceDate "2013.11.20"]
[SourceVersion "1"]
[SourceVersionDate "2013.11.20"]
[SourceQuality "1"]

1. d4 d5 2. c4 Nc6 3. Nf3 Bg4 4. cxd5 Bxf3 5. gxf3 Qxd5 6. e3 e6 7. Nc3 Bb4 8. Bd2 Qd7 9. a3 Ba5 10. Rc1 Nge7 11. Ne4 Bxd2+ 12. Qxd2 a6 13. Rg1 Kf8 14. Nc5 Qc8 15. f4 Nd8 16. e4 c6 17. Rc3 Qc7 18. Be2 Ng6 19. Nd3 Qd7 20. Qe3 b6 21. Bh5 f6 22. h3 Ne7 23. Ke2 g6 24. Bf3 Rb8 25. Rgc1 Kf7 26. Kf1 Re8 27. Be2 Kg7 28. Ne1 a5 29. b4 axb4 30. axb4 Nb7 31. b5 c5 32. dxc5 Nxc5 33. Nd3 Nxd3 34. Rxd3 Qb7 35. Kg1 Rbd8 36. Rcd1 Rxd3 37. Qxd3 Kf7 38. f3 Rc8 39. Qd7 Qa8 40. Kf2 Rc2 41. Rd2 Qa2 42. Rxc2 Qxc2 43. Qd4 Qc7 44. Bc4 Qxf4 45. Qxb6 Qh2+ 46. Ke1 Qxh3 47. Qd6 Qh1+ 48. Kd2 Qg2+ 49. Be2 Qg5+ 50. Kd1 Qe5 51. Qxe5 fxe5 52. b6 Nc6 53. Kd2 Ke7 54. b7 Kd6 55. Bb5 Nb8 56. Ke3 Kc7 57. Bc4 Kxb7 58. Bxe6 Kc7 59. f4 Kd6 60. Bg8 h6 61. Bf7 g5 62. fxg5 hxg5 63. Kf3 Ke7 64. Bc4 Nd7 65. Kg4 Kf6 66. Bb5 Nc5 67. Bc6 1/2-1/2

[Event "Kemerovo-ch op"]
[Site "Kemerovo"]
[Date "2012.03.18"]
[Round "6"]
[White "Starkov, S."]
[Black "Vlassov, Nikolai"]
[Result "0-1"]
[WhiteElo "2199"]
[BlackElo "2427"]
[PlyCount "110"]
[EventDate "2012.03.04"]
[EventType "swiss"]
[EventRounds "9"]
[EventCountry "RUS"]
[SourceTitle "EXT 2014"]
[Source "ChessBase"]
[SourceDate "2013.11.20"]
[SourceVersion "1"]
[SourceVersionDate "2013.11.20"]
[SourceQuality "1"]

1. e4 d5 2. exd5 Nf6 3. d4 Bg4 4. Be2 Bxe2 5. Nxe2 Qxd5 6. 0-0 Nc6 7. Nbc3 Qh5 8. Ng3 Qxd1 9. Rxd1 Nb4 10. Bf4 Nxc2 11. Rac1 Nb4 12. Bxc7 e6 13. a3 Nbd5 14. Nxd5 Nxd5 15. Ne4 Be7 16. Bd6 Bxd6 17. Nxd6+ Ke7 18. Nc4 Rhc8 19. Ne3 Nf4 20. Kf1 Rxc1 21. Rxc1 Rd8 22. Rc7+ Rd7 23. Rxd7+ Kxd7 24. g3 Nd3 25. b4 Kc6 26. Ke2 Nb2 27. Kd2 Na4 28. Kc2 Nb6 29. Kb3 g5 30. a4 a6 31. Ng4 Nd7 32. Kc4 b5+ 33. axb5+ axb5+ 34. Kd3 f5 35. Nh6 g4 36. Nf7 Kd5 37. Ng5 Nf6 38. f4 gxf3 39. Nxf3 Ng4 40. Ng5 h6 41. Nf3 Kd6 42. Ke2 Nf6 43. Ne5 Nd5 44. Nd3 Nc7 45. Ke3 Kd5 46. Ne5 Na6 47. Nd3 Kc4 48. Nf4 Nc7 49. Ne2 Nd5+ 50. Kf3 Kxb4 51. g4 Kc4 52. gxf5 exf5 53. Ng3 f4 54. Nf5 b4 55. Ke4 b3 0-1

[Event "Kemerovo-ch op"]
[Site "Kemerovo"]
[Date "2012.03.10"]
[Round "3"]
[White "Starkov, S."]
[Black "Kuznetsov, Petr"]
[Result "1-0"]
[WhiteElo "2199"]
[BlackElo "1980"]
[PlyCount "59"]
[EventDate "2012.03.04"]
[EventType "swiss"]
[EventRounds "9"]
[EventCountry "RUS"]
[SourceTitle "EXT 2014"]
[Source "ChessBase"]
[SourceDate "2013.11.20"]
[SourceVersion "1"]
[SourceVersionDate "2013.11.20"]
[SourceQuality "1"]

1. e4 e6 2. d4 d5 3. Nc3 dxe4 4. Nxe4 Nf6 5. Nxf6+ gxf6 6. Be3 b6 7. Qf3 c6 8. Bc4 Bb7 9. Qh5 Qe7 10. 0-0-0 Nd7 11. Nf3 0-0-0 12. Rhe1 b5 13. Bb3 Nb6 14. Bf4 Nd5 15. Bg3 a5 16. c3 Rg8 17. Qxh7 Rg6 18. Bc2 Bh6+ 19. Kb1 Rxg3 20. hxg3 Bf8 21. Nd2 a4 22. Ne4 a3 23. Nc5 axb2 24. Kxb2 Qc7 25. Bb3 Bxc5 26. dxc5 b4 27. cxb4 Nxb4 28. Rxd8+ Qxd8 29. Rd1 Qc7 30. Qg8+ 1-0

[Event "Kemerovo op"]
[Site "Kemerovo"]
[Date "2011.07.26"]
[Round "3"]
[White "Starkov, S."]
[Black "Siuniakov, Igor"]
[Result "0-1"]
[WhiteElo "2236"]
[BlackElo "2313"]
[PlyCount "64"]
[EventDate "2011.07.25"]
[EventType "swiss"]
[EventRounds "9"]
[EventCountry "RUS"]
[SourceTitle "EXT 2012"]
[Source "ChessBase"]
[SourceDate "2011.11.24"]
[SourceVersion "1"]
[SourceVersionDate "2011.11.24"]
[SourceQuality "1"]

1. e4 c5 2. Nf3 d6 3. d4 cxd4 4. Nxd4 Nf6 5. Nc3 a6 6. Be2 Nbd7 7. g4 h6 8. Rg1 e6 9. Be3 b5 10. a3 Bb7 11. f3 Rc8 12. Qd2 Ne5 13. h4 Nfd7 14. f4 Nc4 15. Bxc4 Rxc4 16. g5 hxg5 17. hxg5 Nc5 18. b3 Rxc3 19. Qxc3 Nxe4 20. Qd3 g6 21. 0-0-0 Rh3 22. Rde1 Qa5 23. b4 Qc7 24. a4 bxa4 25. b5 Nc5 26. Qf1 Nb3+ 27. Kb2 Rxe3 28. Rxe3 Nxd4 29. c3 Bg7 30. Qh3 a3+ 31. Kc1 Nf5 32. Qh7 Kf8 0-1

[Event "Kuzbass-ch"]
[Site "Kemerovo"]
[Date "2010.10.29"]
[Round "8"]
[White "Nevostrujev, Vladimir"]
[Black "Starkov, S."]
[Result "1-0"]
[WhiteElo "2477"]
[BlackElo "2221"]
[PlyCount "65"]
[EventDate "2010.10.23"]
[EventType "swiss"]
[EventRounds "9"]
[EventCountry "RUS"]
[SourceTitle "EXT 2011"]
[Source "ChessBase"]
[SourceDate "2010.11.26"]
[SourceVersion "1"]
[SourceVersionDate "2010.11.26"]
[SourceQuality "1"]

1. e4 e5 2. Nf3 Nc6 3. Bb5 f5 4. Nc3 fxe4 5. Nxe4 d5 6. Nxe5 dxe4 7. Nxc6 Qg5 8. Qe2 Nf6 9. f4 Qxf4 10. Ne5+ c6 11. d4 Qh4+ 12. g3 Qh3 13. Bc4 Bd6 14. Bf4 Be6 15. 0-0-0 0-0 16. Ng6 hxg6 17. Bxd6 Rf7 18. Be5 Bxc4 19. Qxc4 Nd5 20. Rhe1 Rf2 21. Qb3 b5 22. a4 b4 23. Qc4 Rc8 24. Rxe4 Qg2 25. Rde1 Qxh2 26. Rh4 Qg2 27. Qd3 b3 28. Qxb3 Rf1 29. Rhe4 Rf2 30. Qb7 Rxc2+ 31. Kb1 Rc7 32. Qb8+ Kf7 33. Rf4+ 1-0

[Event "SFR-ch Seniors"]
[Site "Kiselevsk"]
[Date "2010.10.11"]
[Round "1"]
[White "Starkov, S."]
[Black "Gorokhov, Vladimir"]
[Result "1-0"]
[WhiteElo "2221"]
[BlackElo "1992"]
[PlyCount "115"]
[EventDate "2010.10.11"]
[EventType "swiss"]
[EventRounds "9"]
[EventCountry "RUS"]
[SourceTitle "EXT 2022"]
[Source "ChessBase"]
[SourceDate "2021.10.06"]
[SourceVersion "1"]
[SourceVersionDate "2021.10.06"]
[SourceQuality "1"]

1. e4 e6 2. d4 d5 3. Nc3 Bb4 4. e5 c5 5. a3 cxd4 6. axb4 dxc3 7. Qg4 cxb2 8. Bxb2 g6 9. Bd3 Ne7 10. Nf3 Bd7 11. b5 h5 12. Qb4 Nf5 13. h4 Qe7 14. Qb3 0-0 15. Ba3 Qe8 16. Bxf8 Qxf8 17. Rg1 Nh6 18. Qa3 Qe8 19. Qc5 Qc8 20. Qb4 Ng4 21. Qd4 b6 22. Ke2 Be8 23. Ra3 Nd7 24. Rga1 Qc7 25. Qf4 Nc5 26. Nd4 Qxe5+ 27. Qxe5 Nxe5 28. Rxa7 Rxa7 29. Rxa7 Nexd3 30. cxd3 e5 31. Re7 exd4 32. Rxe8+ Kg7 33. Rb8 Na4 34. Kd2 Kf6 35. Ra8 Nc5 36. Rc8 Nd7 37. Rc6+ Ke7 38. f3 f6 39. f4 Nc5 40. Rxb6 Ne6 41. g3 Kd7 42. Ke2 Ke7 43. Rc6 Kd7 44. Kf3 f5 45. Ke2 Nc7 46. Rxg6 Nxb5 47. Rg5 Ke6 48. Rxh5 Kf6 49. Rh6+ Ke7 50. Rb6 Nc3+ 51. Kf3 Nd1 52. Rb4 Ke6 53. Rxd4 Nc3 54. Rb4 Kd6 55. h5 Kc5 56. Rb3 Kd4 57. h6 Kxd3 58. Rxc3+ 1-0

[Event "Kemerovo op 08"]
[Site "Kemerovo"]
[Date "2009.08.23"]
[Round "2"]
[White "Starkov, S."]
[Black "Pokazanjev, Nikolai"]
[Result "0-1"]
[WhiteElo "2218"]
[BlackElo "2427"]
[PlyCount "78"]
[EventDate "2009.08.22"]
[EventType "swiss"]
[EventRounds "9"]
[EventCountry "RUS"]
[SourceTitle "EXT 2012"]
[Source "ChessBase"]
[SourceDate "2011.11.24"]
[SourceVersion "1"]
[SourceVersionDate "2011.11.24"]
[SourceQuality "1"]

1. e4 c5 2. Nf3 d6 3. d4 cxd4 4. Nxd4 Nf6 5. Nc3 a6 6. Be2 e6 7. g4 Be7 8. g5 Nfd7 9. Rg1 b5 10. a3 Bb7 11. Be3 Nb6 12. Qd2 N8d7 13. h4 Rc8 14. f3 Ne5 15. b3 Qc7 16. Nd1 g6 17. f4 Ned7 18. Bd3 Nc5 19. Nf2 e5 20. Nf3 d5 21. Nxe5 dxe4 22. Be2 Nd5 23. Nfg4 Rd8 24. Rd1 Ne6 25. c4 Ndxf4 26. Bxf4 Rxd2 27. Bxd2 h5 28. gxh6 f5 29. Nxg6 fxg4 30. Nxh8 Bxh4+ 31. Kf1 Qh2 32. Be3 Qh3+ 33. Rg2 Qxe3 34. Ng6 Qxh6 35. Nxh4 Qxh4 36. Rxg4 Qh3+ 37. Ke1 e3 38. Rd3 Qh1+ 39. Bf1 Qf3 0-1

[Event "Kemerovo op 08"]
[Site "Kemerovo"]
[Date "2009.08.23"]
[Round "3"]
[White "Trojan, Andrey"]
[Black "Starkov, S."]
[Result "0-1"]
[WhiteElo "1829"]
[BlackElo "2218"]
[PlyCount "96"]
[EventDate "2009.08.22"]
[EventType "swiss"]
[EventRounds "9"]
[EventCountry "RUS"]
[SourceTitle "EXT 2012"]
[Source "ChessBase"]
[SourceDate "2011.11.24"]
[SourceVersion "1"]
[SourceVersionDate "2011.11.24"]
[SourceQuality "1"]

1. f4 d5 2. Nf3 g6 3. e3 Bg7 4. d4 Nf6 5. Be2 0-0 6. 0-0 Bf5 7. c4 c6 8. Nc3 Nbd7 9. Ne5 Ne4 10. Nxe4 Bxe4 11. Nxd7 Qxd7 12. Bd3 e6 13. Bxe4 dxe4 14. Qc2 f5 15. c5 Rad8 16. Qc4 h6 17. b4 g5 18. g3 Kh7 19. Kf2 Qf7 20. Qe2 Bf6 21. Ke1 Rg8 22. Bb2 gxf4 23. gxf4 Rg4 24. Kd2 Rdg8 25. Kc3 Bh4 26. Rad1 Rg2 27. Qc4 Rxh2 28. Bc1 Rgg2 29. Rd2 Rxd2 30. Bxd2 Qd7 31. Be1 Bxe1+ 32. Rxe1 Qd5 33. Qxd5 exd5 34. a4 a6 35. b5 a5 36. bxc6 bxc6 37. Rb1 Re2 38. Rb6 Rxe3+ 39. Kc2 Rd3 40. Rxc6 Rxd4 41. Rc7+ Kg6 42. c6 Kh5 43. Rf7 Kg4 44. Rf6 h5 45. Kb3 Rb4+ 46. Ka3 Kxf4 47. c7 Rc4 48. Rf7 d4 0-1

[Event "Kemerovo op 08"]
[Site "Kemerovo"]
[Date "2009.08.22"]
[Round "1"]
[White "Ilenko, Aleksei"]
[Black "Starkov, S."]
[Result "0-1"]
[WhiteElo "1993"]
[BlackElo "2218"]
[PlyCount "134"]
[EventDate "2009.08.22"]
[EventType "swiss"]
[EventRounds "9"]
[EventCountry "RUS"]
[SourceTitle "EXT 2012"]
[Source "ChessBase"]
[SourceDate "2011.11.24"]
[SourceVersion "1"]
[SourceVersionDate "2011.11.24"]
[SourceQuality "1"]

1. d4 d5 2. Nf3 Nc6 3. g3 Bf5 4. Bg2 e6 5. 0-0 Be7 6. c4 Nf6 7. Ne5 Nxe5 8. dxe5 Ne4 9. cxd5 exd5 10. Nd2 Nxd2 11. Bxd2 c6 12. Qb3 Qd7 13. Rad1 Be6 14. Rfe1 0-0 15. a3 Rfd8 16. Qc2 c5 17. f4 g6 18. e3 Rac8 19. Qd3 c4 20. Qe2 Qb5 21. Bc3 Bc5 22. Bd4 Qb6 23. Qf2 Bxd4 24. exd4 c3 25. bxc3 Rxc3 26. Re3 Rdc8 27. Rxc3 Rxc3 28. Qa2 Qc6 29. Rd2 b6 30. Kf2 Qb5 31. Bf1 Qa4 32. Be2 Qxa3 33. Qxa3 Rxa3 34. Rc2 h5 35. Rb2 Kf8 36. Rb5 Ke7 37. Bf3 Ra2+ 38. Ke3 Rxh2 39. Rb3 Kd7 40. Ra3 a5 41. Rb3 Kc6 42. Rc3+ Kb7 43. Ra3 Rb2 44. Be2 Bd7 45. Bd1 Bb5 46. f5 Rg2 47. fxg6 Rxg3+ 48. Kf4 Rxg6 49. Bxh5 Rg7 50. Kf5 Rh7 51. Bf3 Bd7+ 52. Kf6 Be6 53. Ke7 Rh4 54. Rd3 Rh8 55. Rd1 a4 56. Ra1 Ra8 57. Kd6 Ra5 58. Ke7 b5 59. Bh5 b4 60. Bxf7 Bxf7 61. Kxf7 b3 62. e6 b2 63. Rb1 a3 64. e7 Ra8 65. e8Q Rxe8 66. Kxe8 Kc6 67. Ke7 a2 0-1

[Event "Kemerovo op"]
[Site "Kemerovo"]
[Date "2009.07.24"]
[Round "7"]
[White "Cheremnova, Tamara"]
[Black "Starkov, S."]
[Result "1-0"]
[WhiteElo "2155"]
[BlackElo "2218"]
[PlyCount "79"]
[EventDate "2009.07.20"]
[EventType "swiss"]
[EventRounds "9"]
[EventCountry "RUS"]
[SourceTitle "EXT 2022"]
[Source "ChessBase"]
[SourceDate "2021.10.06"]
[SourceVersion "1"]
[SourceVersionDate "2021.10.06"]
[SourceQuality "1"]

1. d4 d5 2. c4 Nc6 3. cxd5 Qxd5 4. Nf3 e5 5. Nc3 Bb4 6. Bd2 Bxc3 7. Bxc3 e4 8. Ne5 Nxe5 9. dxe5 Qxd1+ 10. Rxd1 Be6 11. a3 Rd8 12. f3 Rxd1+ 13. Kxd1 Bd5 14. f4 Ne7 15. e3 Nf5 16. Ke2 h5 17. Kf2 Ke7 18. Be2 b6 19. b4 c6 20. Rd1 Ke6 21. g3 g6 22. h3 h4 23. g4 Ng3 24. Ba6 b5 25. Bb7 Ke7 26. Bd4 Rb8 27. Bc5+ Ke8 28. Rxd5 cxd5 29. Bc6+ Kd8 30. Bxa7 Rc8 31. Bb6+ Ke7 32. Bc5+ Ke6 33. Bxb5 g5 34. fxg5 Kxe5 35. a4 Rb8 36. Bc6 d4 37. exd4+ Ke6 38. b5 f6 39. gxf6 Kxf6 40. b6 1-0

[Event "Kemerovo op"]
[Site "Kemerovo"]
[Date "2009.07.22"]
[Round "4"]
[White "Denisov, Lev"]
[Black "Starkov, S."]
[Result "1/2-1/2"]
[WhiteElo "2329"]
[BlackElo "2218"]
[PlyCount "85"]
[EventDate "2009.07.20"]
[EventType "swiss"]
[EventRounds "9"]
[EventCountry "RUS"]
[SourceTitle "EXT 2022"]
[Source "ChessBase"]
[SourceDate "2021.10.06"]
[SourceVersion "1"]
[SourceVersionDate "2021.10.06"]
[SourceQuality "1"]

1. e4 e5 2. Nf3 Nc6 3. Bb5 g6 4. c3 d6 5. d4 Bd7 6. 0-0 Bg7 7. Bg5 f6 8. Be3 Nge7 9. Qb3 Na5 10. Qa4 c6 11. Be2 b5 12. Qa3 Nb7 13. c4 a6 14. cxb5 axb5 15. Qb3 exd4 16. Nxd4 Nc5 17. Qc2 0-0 18. Nb3 Na4 19. Rd1 d5 20. Nc3 Nxc3 21. bxc3 f5 22. exd5 Nxd5 23. Bd4 Bxd4 24. Rxd4 Qf6 25. Bf3 Be6 26. Nc5 Rfe8 27. Nxe6 Qxe6 28. g3 Nb6 29. Qd2 Nc4 30. Qc2 Ra3 31. Bg2 Kg7 32. Rad1 Ne5 33. R4d2 Rea8 34. Rd6 Qxa2 35. Qc1 Nf7 36. Rxc6 Qa1 37. Qxa1 Rxa1 38. Rxa1 Rxa1+ 39. Bf1 Rc1 40. Rc5 Nd6 41. Kg2 Ne4 42. Rc7+ Kf6 43. Bxb5 1/2-1/2

[Event "Kemerovo-ch"]
[Site "Kemerovo"]
[Date "2009.03.20"]
[Round "7"]
[White "Koveshnikova, Daria"]
[Black "Starkov, S."]
[Result "1-0"]
[WhiteElo "2004"]
[BlackElo "2218"]
[PlyCount "76"]
[EventDate "2009.03.16"]
[EventType "swiss"]
[EventRounds "9"]
[EventCountry "RUS"]
[SourceTitle "EXT 2010"]
[Source "ChessBase"]
[SourceDate "2010.11.25"]
[SourceVersion "1"]
[SourceVersionDate "2010.11.25"]
[SourceQuality "1"]

1. d4 d5 2. Nf3 Nc6 3. c4 Bg4 4. cxd5 Bxf3 5. dxc6 Bxc6 6. Nc3 e6 7. e4 Bb4 8. f3 Qh4+ 9. g3 Qf6 10. Bf4 0-0-0 11. Be5 Qg6 12. Qb3 f6 13. Qxb4 fxe5 14. dxe5 Qh5 15. f4 Qf3 16. Rg1 Qe3+ 17. Ne2 Bxe4 18. Bg2 Bxg2 19. Rxg2 Nh6 20. Qc3 Rd3 21. Qc4 Qd2+ 22. Kf1 Rf3+ 23. Kg1 Rd8 24. Qxe6+ Kb8 25. Nc3 Qd3 26. Re2 Qd4+ 27. Kg2 Rd3 28. Rc1 a6 29. Ne4 Re3 30. Rxe3 Qxe3 31. Qc4 Ka8 32. Rc3 Nf5 33. Kh3 Qe1 34. Qxc7 Qf1+ 35. Kg4 Nh6+ 36. Kg5 Rb8 37. Qd7 Ka7 38. Rc7 Qe2 1-0